[Event "Perth op"]
[Site "Perth"]
[Date "2023.01.07"]
[Round "8"]
[White "Chen, Albert"]
[Black "Sheth, Adidev"]
[Result "0-1"]
[WhiteElo "1157"]
[BlackElo "569"]
[PlyCount "70"]
[EventDate "2023.01.02"]
[EventType "swiss"]
[EventRounds "11"]
[EventCountry "AUS"]
[SourceTitle "CBM 212 Extra"]
[Source "ChessBase"]
[SourceDate "2023.03.31"]
[SourceVersion "1"]
[SourceVersionDate "2023.03.31"]
[SourceQuality "1"]

1. d4 Nf6 2. Bf4 g6 3. Nf3 Bg7 4. e3 d6 5. Bb5+ Bd7 6. Bxd7+ Nbxd7 7. Nc3 0-0 8. Qd2 c5 9. 0-0-0 a5 10. a3 Rb8 11. dxc5 Nxc5 12. h3 b5 13. Na2 Nce4 14. Qe2 Qb6 15. Nd2 b4 16. Nc4 Qb5 17. Rhe1 bxa3 18. b3 Qc5 19. f3 Nc3 20. Nxc3 Rb7 21. Na4 Qb4 22. Qd2 a2 23. Qxb4 a1Q+ 24. Kd2 Qxd1+ 25. Kxd1 axb4 26. Na5 Rc7 27. e4 Nd7 28. Kc1 Bc3 29. Rd1 Ra7 30. Nc6 Ra6 31. Nxe7+ Kg7 32. Bxd6 Rfa8 33. Nxc3 bxc3 34. Be5+ Nxe5 35. Rd5 Ra1# 0-1

[Event "Perth op"]
[Site "Perth"]
[Date "2023.01.05"]
[Round "6"]
[White "Chen, Albert"]
[Black "Schiavone, Isaac"]
[Result "1-0"]
[WhiteElo "1157"]
[BlackElo "576"]
[PlyCount "43"]
[EventDate "2023.01.02"]
[EventType "swiss"]
[EventRounds "11"]
[EventCountry "AUS"]
[SourceTitle "CBM 212 Extra"]
[Source "ChessBase"]
[SourceDate "2023.03.31"]
[SourceVersion "1"]
[SourceVersionDate "2023.03.31"]
[SourceQuality "1"]

1. d4 d5 2. Bf4 c5 3. e3 Nf6 4. Nf3 Bf5 5. Bb5+ Nc6 6. Bxc6+ bxc6 7. 0-0 e6 8. Ne5 Qb6 9. b3 Nh5 10. Qxh5 g6 11. Qd1 h5 12. Nc3 f6 13. Na4 Qb5 14. Nd3 Bxd3 15. Qxd3 g5 16. Qg6+ Ke7 17. Bxg5 fxg5 18. Qxg5+ Kd7 19. Qe5 Bd6 20. Qg7+ Be7 21. Nxc5+ Kd6 22. Qe5# 1-0